| 000 -LEADER |
| fixed length control field |
00424cam a22001457a 4500 |
| 008 - FIXED-LENGTH DATA ELEMENTS--GENERAL INFORMATION |
| fixed length control field |
180718b1970 xxu||||| |||| 00| 0 eng d |
| 082 ## - DEWEY DECIMAL CLASSIFICATION NUMBER |
| Classification number |
A6x5433 Sa73 |
| 100 ## - MAIN ENTRY--PERSONAL NAME |
| Personal name |
Sarhadi, Ajit Singh |
| 245 ## - TITLE STATEMENT |
| Title |
Punjabi Suba: the story of the struggle |
| Statement of responsibility, etc. |
by Ajit Singh Sarhadi |
| 260 ## - PUBLICATION, DISTRIBUTION, ETC. |
| Place of publication, distribution, etc. |
Delhi |
| Name of publisher, distributor, etc. |
U.G. Kapur |
| Date of publication, distribution, etc. |
1970 |
| 300 ## - PHYSICAL DESCRIPTION |
| Extent |
529p. |
| 500 ## - GENERAL NOTE |
| General note |
Rs.45.00 |
| 650 ## - SUBJECT ADDED ENTRY--TOPICAL TERM |
| Topical term or geographic name entry element |
Boundaries, State - India - Punjab |
| 650 ## - SUBJECT ADDED ENTRY--TOPICAL TERM |
| Topical term or geographic name entry element |
Punjab - History |